| 000 | 00786cab a2200241 4500 | ||
|---|---|---|---|
| 001 | E2710 | ||
| 008 | 090401t1996 xxu||||| |||| 00| 0 eng d | ||
| 035 | _a(Sirsi) u40596 | ||
| 041 | _aeng | ||
| 100 | _aRead, A.J.M. | ||
| 245 | _aProcurement of PFI contracts | ||
| 260 | _c1996 | ||
| 350 | _a0 | ||
| 490 |
_aJournal of the Law Society of Scotland _v41(5) May 1996, 188-190(3) |
||
| 520 | _aLooks at some of the novel questions facing private and public sector lawyer s, given the increasing use of privately funded ways to deliver public services. | ||
| 650 | _aBUILT ENVIRONMENT-BUILDING CONTRACT FORMS | ||
| 650 | _aPFI | ||
| 650 | _aPRIVATE FINANCE INITIATIVE | ||
| 690 | _aBUILT ENVIRONMENT | ||
| 690 | _aFINANCE AND INVESTMENT | ||
| 942 | _n0 | ||
| 948 | _c04/03/1997 | ||
| 999 |
_c26010 _d26010 |
||